Statistiken für Ballon d`Or 2019 Ranking

Klicken Sie hier um das Quiz zu spielen!

Allgemein

  • Dieses Quiz wurde 45 mal gespielt
  • Das Durchschnittsergebnis liegt bei 24 aus 30

Antwortstatistiken

RangNationalitätVereinPunkteAntwort% Korrekt
3PortugalJuventus476Cristiano Ronaldo
100%
6FrankreichParis
Saint-Germain
89Kylian Mbappe
100%
1ArgentinienBarcelona686Lionel Messi
100%
8PolenBayern München44Robert Lewandowski
100%
22SüdkoreaTottenham Hotspur4Heung-min Son
98%
5ÄgyptenLiverpool178Mohamed Salah
98%
4SenegalLiverpool347Sadio Mane
98%
2NiederlandeLiverpool679Virgil van Dijk
95%
18FrankreichAtletico Madrid/
Barcelona
9Antoine Griezmann
93%
11NiederlandeAJAX/ Barcelona31Frenkie de Jong
93%
14BelgienManchester City14Kevin de Bruyne
93%
10AlgerienManchester City33Riyad Mahrez
93%
24DeutschlandBarcelona2Marc-Andre ter Stegen
90%
20GabunArsenal5Pierre-Emerick
Aubameyang
90%
9PortugalManchester City41Bernardo Silva
88%
13BelgienChelsea/
Real Madrid
25Eden Hazard
88%
15NiederlandeAJAX/
Bayern München
13Matthijs de Ligt
83%
17BrasilienLiverpool11Roberto Firmino
83%
26FrankreichReal Madrid1Karim Benzema
80%
7BrasilienLiverpool67Alisson
78%
16ArgentinienManchester City12Sergio Aguero
78%
28Portugal
Benfica/
Atletico Madrid
0Joao Felix
75%
20SerbienAJAX5Dusan Tadic
73%
23FrankreichTottenham Hotspur3Hugo Lloris
65%
12EnglandManchester City30Raheem Sterling
63%
19EnglandLiverpool8Trent Alexander-Arnold
60%
24SenegalSSC Napoli2Kalidou Koulibaly
55%
26NiederlandeLiverpool1Georginio Wijnaldum
48%
28BrasilienParis Saint-Germain0Marquinhos
45%
28NiederlandeAJAX0Donny van de Beek
35%

Verteilung der Resultate

Perzentil nach korrekt beantworteten Fragen

Anzahl Personen mit jedem Resultat

Ihre Resultats-Entwicklung

Sie haben dieses Quiz noch nicht gespielt